[Event "4NCL/Div2/BAR3 vs. 3CS1"]
[Site "West Bromwich ENG"]
[Date "2002.11.23"]
[Round "1.1"]
[White "Taylor, Peter"]
[Black "Arkell, Keith C"]
[Result "1/2-1/2"]
[WhiteElo "2212"]
[BlackElo "2521"]
[PlyCount "101"]
[EventDate "2002.11.23"]

1. c4 c5 2. g3 Nc6 3. Bg2 g6 4. Nc3 Bg7 5. Nf3 Nf6 6. d4 cxd4 7. Nxd4 Nxd4 8.
Qxd4 O-O 9. O-O d6 10. Qd3 Nd7 11. b3 a6 12. Be3 Nc5 13. Qd2 Rb8 14. Rac1 b6
15. b4 Nd7 16. Bg5 Bb7 17. Nd5 Bxd5 18. Bxd5 Nf6 19. Rfd1 Qc7 20. Bh6 Rfd8 21.
Bxg7 Kxg7 22. Qe3 Rd7 23. Bf3 Qa7 24. a3 Rc8 25. Rc3 Rdc7 26. Rdc1 a5 27. g4 h6
28. h4 e5 29. g5 hxg5 30. hxg5 Nh7 31. Bd5 Re7 32. Qh3 Rg8 33. Qh6+ Kh8 34. Rh3
Rg7 35. Kg2 Kg8 36. Rch1 Re8 37. Qh4 e4 38. Qg4 Qc7 39. Rh6 Re5 40. Qh4 Qe7 41.
Kf1 Qxg5 42. Qxg5 Rxg5 43. Bxe4 axb4 44. axb4 Re5 45. Bc6 Re7 46. e3 f6 47.
Bd5+ Kf8 48. Kg2 Ra7 49. Kg3 Ke8 50. Be4 Nf8 51. Rd1 1/2-1/2

[Event "4NCL/Div2/BAR3 vs. 3CS1"]
[Site "West Bromwich ENG"]
[Date "2002.11.23"]
[Round "1.2"]
[White "Davies, Nigel R"]
[Black "Twyble, Michael S"]
[Result "1-0"]
[WhiteElo "2483"]
[BlackElo "2238"]
[PlyCount "89"]
[EventDate "2002.11.23"]

1. c4 g6 2. d4 Nf6 3. Nf3 Bg7 4. g3 c5 5. Bg2 cxd4 6. Nxd4 Nc6 7. O-O O-O 8.
Nc3 Nxd4 9. Qxd4 d6 10. Bd2 a6 11. Rac1 Ng4 12. Qd3 Bf5 13. e4 Be6 14. b3 b5
15. cxb5 Ne5 16. Qb1 axb5 17. Nxb5 Bd7 18. Nc3 Bc8 19. Bf4 Ba6 20. Rfd1 e6 21.
b4 g5 22. Be3 Ng4 23. Bc5 Be5 24. h3 Qf6 25. hxg4 dxc5 26. b5 Rab8 27. Rd3 Bxc3
28. Rdxc3 Rxb5 29. Qc2 Rfb8 30. Rxc5 Rb2 31. e5 Qd8 32. Qa4 Qd2 33. R5c2 Rxc2
34. Qxc2 Qd4 35. Qe4 Qxe4 36. Bxe4 Rb4 37. f3 Ra4 38. Rc2 Bc4 39. Bc6 Rb4 40.
a4 Rb1+ 41. Kf2 Bb3 42. Rc3 Rb2+ 43. Ke3 Bd1 44. Ra3 Be2 45. Be4 1-0

[Event "4NCL/Div2/BAR3 vs. 3CS1"]
[Site "West Bromwich ENG"]
[Date "2002.11.23"]
[Round "1.3"]
[White "Ozeren, Kemal"]
[Black "Clarke, Stuart W"]
[Result "1-0"]
[WhiteElo "2227"]
[BlackElo "2287"]
[PlyCount "119"]
[EventDate "2002.11.23"]

1. d4 e6 2. Nf3 Nf6 3. e3 d5 4. Bd3 Be7 5. O-O Nbd7 6. c4 O-O 7. Nc3 dxc4 8.
Bxc4 c5 9. Qe2 a6 10. a4 b6 11. Rd1 Bb7 12. b3 cxd4 13. Nxd4 Qc7 14. e4 Ne5 15.
Bf4 Qc5 16. Be3 Nxc4 17. bxc4 Qc7 18. f3 Rac8 19. Rab1 Rfd8 20. Rb2 Nd7 21. Rc1
Qxc4 22. Qf2 Ba3 23. Nce2 Qxa4 24. Ra1 b5 25. Rba2 b4 26. Bd2 a5 27. Nc3 bxc3
28. Rxa3 Qb4 29. Nc2 Qb2 30. Bc1 Qb6 31. Qxb6 Nxb6 32. Rb3 Rd1+ 33. Kf2 Rc6 34.
Rab1 Bc8 35. Rxb6 Rxb6 36. Rxb6 Rxc1 37. Ne3 c2 38. Rd6 g6 39. Rd8+ Kg7 40.
Rxc8 Rh1 41. Rxc2 Rxh2 42. Ra2 Rh5 43. Nc4 Rc5 44. Nxa5 h5 45. Nb3 Rc3 46. Nd2
e5 47. Nf1 Rb3 48. Ne3 Rb5 49. Rd2 Rb3 50. Rd5 Rb2+ 51. Kg3 f6 52. Rd7+ Kh6 53.
Nd5 Kg5 54. Rd6 Rd2 55. Rxf6 Rxd5 56. Rxg6+ Kxg6 57. exd5 Kg5 58. d6 Kf6 59.
Kh4 Ke6 60. Kxh5 1-0

[Event "4NCL/Div2/BAR3 vs. 3CS1"]
[Site "West Bromwich ENG"]
[Date "2002.11.23"]
[Round "1.4"]
[White "James, Dale R"]
[Black "Galloway, Iain"]
[Result "0-1"]
[WhiteElo "2214"]
[BlackElo "2160"]
[PlyCount "68"]
[EventDate "2002.11.23"]

1. e4 c5 2. Nf3 d6 3. c3 Nf6 4. Qc2 g6 5. d4 cxd4 6. cxd4 Bg7 7. Nc3 O-O 8. h3
a6 9. Be3 b5 10. Bd3 Bb7 11. a3 Nc6 12. d5 Nb8 13. Rc1 Nbd7 14. b4 Rc8 15. Qb3
Nb6 16. O-O Nfd7 17. Ne2 Na4 18. Ned4 Ne5 19. Nxe5 Bxe5 20. f4 Bg7 21. Rxc8
Qxc8 22. Rc1 Bxd4 23. Rxc8 Bxe3+ 24. Kf1 Rxc8 25. Bxb5 Nc3 26. Bd3 Bxf4 27. a4
Be5 28. a5 f5 29. b5 fxe4 30. Be2 Bxd5 31. Qc2 axb5 32. a6 Ra8 33. Bxb5 Nxb5
34. Qa4 Nc3 {remainder illegible, 0-1 40} 0-1

[Event "4NCL/Div2/BAR3 vs. 3CS1"]
[Site "West Bromwich ENG"]
[Date "2002.11.23"]
[Round "1.5"]
[White "Williamson, Paul L"]
[Black "Bentley, John L"]
[Result "0-1"]
[WhiteElo "2118"]
[BlackElo "2163"]
[PlyCount "74"]
[EventDate "2002.11.23"]

1. d4 Nf6 2. c4 g6 3. Nc3 Bg7 4. e4 d6 5. f3 O-O 6. Bg5 a6 7. Qd2 c5 8. d5 b5
9. cxb5 Qa5 10. a4 Qb4 11. Nd1 Qxd2+ 12. Bxd2 axb5 13. Bxb5 Ba6 14. Bxa6 Nxa6
15. Ne2 Rfb8 16. Nec3 Nb4 17. Ke2 Nc2 18. Ra2 Nd7 19. Be3 Ne5 20. f4 Nc4 21.
Bc1 Nd4+ 22. Kd3 Nb3 23. Ne3 Nxc1+ 24. Rxc1 Nxb2+ 25. Kc2 Bxc3 26. Kxc3 Nxa4+
27. Kd2 Nb6 28. Rb2 Nd7 29. Rcb1 Rxb2+ 30. Rxb2 Rb8 31. Ra2 Kf8 32. Nc4 Nf6 33.
e5 dxe5 34. Nxe5 Rd8 35. Ke3 Nxd5+ 36. Kf3 f6 37. Nc4 Nxf4 0-1

[Event "4NCL/Div2/BAR3 vs. 3CS1"]
[Site "West Bromwich ENG"]
[Date "2002.11.23"]
[Round "1.6"]
[White "Ashton, Adam G"]
[Black "Flower, David"]
[Result "1/2-1/2"]
[WhiteElo "2175"]
[BlackElo "2149"]
[PlyCount "59"]
[EventDate "2002.11.23"]

1. e4 d6 2. d4 Nf6 3. Nc3 e5 4. Nf3 Nbd7 5. Bc4 Be7 6. O-O O-O 7. Re1 c6 8. a4
b6 9. b3 a6 10. Bb2 Bb7 11. Bd3 Re8 12. Ne2 Bf8 13. Ng3 g6 14. c4 a5 15. Rc1 c5
16. d5 h5 17. Rc2 Nh7 18. Bc1 Bg7 19. Kh1 Rf8 20. Ng1 Qe7 21. Rce2 Rae8 22. Qc2
Bc8 23. Nf1 Ndf6 24. h3 h4 25. f4 Nh5 26. f5 Ng5 27. Rf2 Bf6 28. Be2 Ng3+ 29.
Nxg3 hxg3 30. Rff1 1/2-1/2

[Event "4NCL/Div2/BAR3 vs. 3CS1"]
[Site "West Bromwich ENG"]
[Date "2002.11.23"]
[Round "1.7"]
[White "Bhatia, Kanwal K"]
[Black "Kosteniuk, Oksana"]
[Result "0-1"]
[WhiteElo "2108"]
[BlackElo "2184"]
[PlyCount "118"]
[EventDate "2002.11.23"]

1. e4 c5 2. c3 d5 3. exd5 Qxd5 4. d4 Nc6 5. Nf3 Bg4 6. Be2 cxd4 7. cxd4 e6 8.
Nc3 Qa5 9. O-O Nf6 10. h3 Bh5 11. Qb3 Qb4 12. g4 Bg6 13. Qxb4 Bxb4 14. a3 Bxc3
15. bxc3 O-O 16. Rd1 Rac8 17. Bb2 Na5 18. Ne5 Nb3 19. Nxg6 hxg6 20. Rab1 Na5
21. Ba1 b6 22. Rdc1 Ne4 23. c4 Nd2 24. Rb4 Ndb3 25. Rb1 Nxa1 26. Rxa1 Nc6 27.
c5 Nxb4 28. axb4 Rc7 29. b5 Rd8 30. c6 Rxd4 31. Kg2 Kf8 32. Kf3 Ke7 33. Ke3 e5
34. f3 Kd6 35. h4 f6 36. Bd3 Rd5 37. Bc4 Rc5 38. Kd3 a5 39. Kc3 Re7 40. Rd1+
Kc7 41. Kb3 Kc8 42. Rd2 e4 43. Re2 f5 44. gxf5 gxf5 45. f4 e3 46. Bd3 g6 47.
Rg2 Kd8 48. Re2 Ke8 49. Re1 Kf8 50. Be2 Ke8 51. h5 gxh5 52. Bxh5+ Kd8 53. Be2
Re4 54. Bd3 Re7 55. Bc4 a4+ 56. Kc3 Re4 57. Rd1+ Kc8 58. Rg1 Rcxc4+ 59. Kb2 Re8
0-1

[Event "4NCL/Div2/PPA1 vs. WRO1"]
[Site "West Bromwich ENG"]
[Date "2002.11.23"]
[Round "1.1"]
[White "Swanson, Stephen"]
[Black "Dunnington, Angus J"]
[Result "1/2-1/2"]
[WhiteElo "2291"]
[BlackElo "2388"]
[PlyCount "65"]
[EventDate "2002.11.23"]

1. e4 g6 2. d4 d6 3. Nc3 Bg7 4. Be2 a6 5. h4 h5 6. Be3 Nc6 7. d5 Ne5 8. f4 Ng4
9. Bxg4 Bxg4 10. Qd3 Nf6 11. Nf3 c5 12. dxc6 bxc6 13. O-O-O O-O 14. e5 Nd5 15.
Nxd5 cxd5 16. Qxd5 Be6 17. Qd2 Bxa2 18. Bd4 dxe5 19. Bxe5 Qxd2+ 20. Nxd2 Bxe5
21. fxe5 Bd5 22. Rhg1 Kg7 23. b3 Rac8 24. Kb2 Rc5 25. g3 Be6 26. Rde1 Rd8 27.
Nf3 Bg4 28. Rgf1 a5 29. Rf2 Rdd5 30. c4 Rd3 31. Ng5 Bf5 32. Rf3 Rd2+ 33. Ka3
1/2-1/2

[Event "4NCL/Div2/PPA1 vs. WRO1"]
[Site "West Bromwich ENG"]
[Date "2002.11.23"]
[Round "1.2"]
[White "McFarland, Robert S"]
[Black "Walker, Martin G"]
[Result "1/2-1/2"]
[WhiteElo "2292"]
[BlackElo "2304"]
[PlyCount "86"]
[EventDate "2002.11.23"]

1. Nf3 Nf6 2. g3 g6 3. Bg2 Bg7 4. c4 O-O 5. O-O d5 6. d4 c5 7. dxc5 dxc4 8. Na3
Ne4 9. Nxc4 Nxc5 10. Be3 Be6 11. Rc1 Nba6 12. Ng5 Qxd1 13. Rfxd1 Rad8 14. Nxe6
fxe6 15. b4 Na4 16. a3 Nc3 17. Re1 b6 18. Bb7 Nc7 19. Bg5 Kf7 20. Bf4 N7d5 21.
Be5 Nb5 22. e4 Ndc3 23. Re3 Na4 24. Bc6 a6 25. Bb7 Nd4 26. Bxa6 b5 27. Bxg7
Kxg7 28. Ne5 Ra8 29. Bb7 Ra7 30. Bc8 Nb6 31. Bxe6 Kf6 32. Nc6 Rc7 33. Bd5 e6
34. e5+ Kg7 35. Be4 Nd5 36. Bxd5 exd5 37. Rd1 Nxc6 38. Rxd5 Rb8 39. Rc3 Kf7 40.
Rcc5 Ke7 41. f4 Rd7 42. Rxb5 Rxb5 43. Rxb5 Rd2 1/2-1/2

[Event "4NCL/Div2/PPA1 vs. WRO1"]
[Site "West Bromwich ENG"]
[Date "2002.11.23"]
[Round "1.3"]
[White "Harley, Andrew"]
[Black "Gayson, Peter M"]
[Result "1/2-1/2"]
[WhiteElo "2260"]
[BlackElo "2257"]
[PlyCount "39"]
[EventDate "2002.11.23"]

1. e4 c5 2. c3 d5 3. exd5 Qxd5 4. d4 Nc6 5. Nf3 e6 6. Bd3 Nf6 7. O-O Be7 8. c4
Qd8 9. dxc5 Bxc5 10. Nc3 O-O 11. a3 e5 12. h3 h6 13. Qc2 Be6 14. Rd1 Qc8 15.
Be3 Bxe3 16. fxe3 a6 17. b4 Re8 18. Ne4 Nxe4 19. Bxe4 Qc7 20. Bd5 1/2-1/2

[Event "4NCL/Div2/PPA1 vs. WRO1"]
[Site "West Bromwich ENG"]
[Date "2002.11.23"]
[Round "1.4"]
[White "Gourlay, Iain"]
[Black "Moore, Gerald"]
[Result "1-0"]
[WhiteElo "2257"]
[BlackElo "2238"]
[PlyCount "95"]
[EventDate "2002.11.23"]

1. Nf3 Nf6 2. g3 g6 3. Bg2 Bg7 4. O-O d5 5. c4 dxc4 6. Na3 O-O 7. Nxc4 Nc6 8.
d3 Nd5 9. Bd2 Nb6 10. Qc2 Bg4 11. Bc3 Bxf3 12. Bxf3 Nd4 13. Bxd4 Qxd4 14. Na5
Qxb2 15. Qxb2 Bxb2 16. Rab1 Bf6 17. Rfc1 Rab8 18. Bxb7 Na4 19. d4 Bxd4 20. Nc6
Bb2 21. Rxb2 Nxb2 22. Nxb8 Rxb8 23. Rxc7 e6 24. Ba6 Na4 25. Rxa7 Nc3 26. Bc4
Rb4 27. Bd3 Rb2 28. a4 Nxe2+ 29. Kg2 Nc1 30. Bf1 Ra2 31. a5 Nb3 32. a6 Nd2 33.
Bd3 e5 34. Rd7 e4 35. a7 Kg7 36. Bb5 e3 37. fxe3 Nc4+ 38. Kh3 Ne5 39. Re7 Kf6
40. Rc7 Ra5 41. Bf1 h5 42. Bg2 g5 43. Bd5 g4+ 44. Kg2 Rxd5 45. a8=Q Rd2+ 46.
Kf1 Nf3 47. Qh8+ Ke6 48. Qe8+ 1-0

[Event "4NCL/Div2/PPA1 vs. WRO1"]
[Site "West Bromwich ENG"]
[Date "2002.11.23"]
[Round "1.5"]
[White "Morgan, Ben"]
[Black "Burnett, Jim"]
[Result "0-1"]
[WhiteElo "2217"]
[BlackElo "2187"]
[PlyCount "118"]
[EventDate "2002.11.23"]

1. d4 d5 2. c4 e6 3. Nc3 c6 4. cxd5 exd5 5. Qc2 g6 6. Bf4 Bf5 7. Qd2 Nf6 8. f3
Bg7 9. e3 O-O 10. Nge2 Nbd7 11. Ng3 Be6 12. Bd3 c5 13. O-O Ne8 14. Nge2 c4 15.
Bc2 Nb6 16. h3 Qd7 17. Rad1 Rd8 18. Qe1 Nc7 19. Qh4 f6 20. Bh6 Bf5 21. Bxg7
Bxc2 22. Bxf6 Bxd1 23. Rxd1 Rde8 24. Be5 Ne6 25. f4 Nd8 26. e4 Nc6 27. exd5
Nxd5 28. Nxd5 Qxd5 29. Nc3 Qd8 30. Qh6 Rf7 31. Re1 Nxe5 32. dxe5 Qd4+ 33. Kh2
Qxf4+ 34. Qxf4 Rxf4 35. Kg3 Rf5 36. e6 Kf8 37. Re4 Ke7 38. Ne2 b5 39. Nf4 Rd8
40. h4 Rd6 41. Kf3 g5 42. hxg5 Rxg5 43. a4 a6 44. axb5 axb5 45. Re1 Rf5 46. Rh1
h5 47. g4 hxg4+ 48. Kxg4 Rxf4+ 49. Kxf4 Kxe6 50. Rh5 Rd4+ 51. Ke3 Rd3+ 52. Ke4
Rb3 53. Rh6+ Kd7 54. Rh2 Kc6 55. Rg2 Kc5 56. Rd2 Kb4 57. Kd4 Rh3 58. Ke4 Kb3
59. Rg2 b4 0-1

[Event "4NCL/Div2/PPA1 vs. WRO1"]
[Site "West Bromwich ENG"]
[Date "2002.11.23"]
[Round "1.6"]
[White "Barrett, Steve J"]
[Black "Hammond, Andrew JC"]
[Result "1/2-1/2"]
[WhiteElo "2140"]
[BlackElo "2206"]
[PlyCount "123"]
[EventDate "2002.11.23"]

1. d4 Nf6 2. c4 e6 3. Nc3 Bb4 4. Nf3 O-O 5. g3 d5 6. cxd5 exd5 7. Bg2 Re8 8.
O-O c6 9. h3 Nbd7 10. Be3 Bxc3 11. bxc3 Ne4 12. Qd3 Qa5 13. c4 dxc4 14. Qxc4
Nb6 15. Qd3 Bf5 16. g4 Bg6 17. Qb3 Nc3 18. Rfe1 Nbd5 19. Bd2 Qb5 20. Bxc3 Qxb3
21. axb3 Nxc3 22. Ne5 Be4 23. f3 f6 24. Nc4 Bc2 25. e4 Nb5 26. Rac1 Nxd4 27.
Re3 Re7 28. Nd2 a5 29. Bf1 a4 30. bxa4 Rxa4 31. Rc3 b5 32. R3xc2 Nxc2 33. Rxc2
Rd7 34. Nb3 Ra3 35. Nc5 Rd1 36. Kf2 Raa1 37. Be2 Rdc1 38. Rxc1 Rxc1 39. Ne6 b4
40. Nd4 c5 41. Nb3 Rc3 42. Nd2 Kf8 43. Bc4 Ke7 44. h4 Kd6 45. f4 Rc2 46. Ke3
Rc3+ 47. Kf2 Rc2 48. Ke2 g6 49. Bg8 h6 50. Bh7 c4 51. Bxg6 Rb2 52. Ke3 Kc5 53.
Bf7 c3 54. Nb3+ Kd6 55. g5 hxg5 56. hxg5 fxg5 57. fxg5 Rg2 58. g6 Ke5 59. Nc1
Rg3+ 60. Kf2 Rg5 61. Nd3+ Kxe4 62. Nxb4 1/2-1/2

[Event "4NCL/Div2/PPA1 vs. WRO1"]
[Site "West Bromwich ENG"]
[Date "2002.11.23"]
[Round "1.7"]
[White "Byway, Paul"]
[Black "White, Mark W"]
[Result "1-0"]
[WhiteElo "2188"]
[BlackElo "2104"]
[PlyCount "47"]
[EventDate "2002.11.23"]

1. Nf3 Nf6 2. d4 e6 3. Bf4 b6 4. e3 Bb7 5. Nbd2 Be7 6. Bd3 c5 7. c3 d5 8. Bxb8
Qxb8 9. Bb5+ Kf8 10. Ne5 a6 11. Bd3 Qc7 12. O-O Nd7 13. f4 f5 14. g4 g6 15.
gxf5 exf5 16. Bxf5 gxf5 17. Qh5 Nxe5 18. fxe5 Rg8+ 19. Kh1 Rg7 20. Rg1 Bd8 21.
Rxg7 Qxg7 22. Rg1 Qh8 23. Qh6+ Kf7 24. e6+ 1-0

[Event "4NCL/Div2/GUI2 vs. SWD2"]
[Site "West Bromwich ENG"]
[Date "2002.11.23"]
[Round "1.1"]
[White "Thompson, Ian D"]
[Black "Spice, Alan"]
[Result "1-0"]
[WhiteElo "2238"]
[BlackElo "2171"]
[PlyCount "53"]
[EventDate "2002.11.23"]

1. Nf3 e6 2. c4 f5 3. g3 Nf6 4. Bg2 Be7 5. O-O O-O 6. d4 d6 7. Nc3 Qe8 8. b3 a5
9. Bb2 Na6 10. Re1 Qh5 11. e4 fxe4 12. Nxe4 c6 13. Qd2 Bd7 14. Qg5 Qxg5 15.
Nexg5 Nb4 16. Nxe6 Rfc8 17. Rad1 Nxa2 18. Nxg7 Bd8 19. Ne6 a4 20. Nxd8 Rxd8 21.
d5 Ne8 22. bxa4 Rxa4 23. Nd2 Nb4 24. Re7 cxd5 25. Rde1 Raa8 26. Bc3 Nd3 27.
Bxd5+ 1-0

[Event "4NCL/Div2/GUI2 vs. SWD2"]
[Site "West Bromwich ENG"]
[Date "2002.11.23"]
[Round "1.2"]
[White "Binks, Michael"]
[Black "Jackson, Adrian"]
[Result "0-1"]
[WhiteElo "2149"]
[BlackElo "2232"]
[PlyCount "84"]
[EventDate "2002.11.23"]

1. d4 Nf6 2. Nf3 c5 3. d5 e6 4. c4 exd5 5. cxd5 d6 6. Nc3 g6 7. e4 Bg7 8. Bb5+
Bd7 9. Bd3 O-O 10. Nd2 Ng4 11. h3 Ne5 12. Be2 f5 13. O-O f4 14. Nf3 Nxf3+ 15.
Bxf3 b5 16. a4 b4 17. Ne2 Be5 18. Qc2 Bc8 19. Rb1 Ba6 20. b3 Nd7 21. Bg4 Qe7
22. Be6+ Kg7 23. Bxd7 Qxd7 24. f3 Rac8 25. Bb2 Qe7 26. Rfe1 g5 27. Bxe5+ Qxe5
28. Qb2 Kf6 29. Kf2 Bd3 30. Qxe5+ Kxe5 31. Rb2 Bxe2 32. Kxe2 c4 33. bxc4 Rxc4
34. a5 Rfc8 35. Kd2 Rd4+ 36. Ke2 Rdc4 37. Kd2 a6 38. Reb1 Rb8 39. Kd3 Rc3+ 40.
Kd2 Rc4 41. Kd3 Rd4+ 42. Kc2 Rc8+ 0-1

[Event "4NCL/Div2/GUI2 vs. SWD2"]
[Site "West Bromwich ENG"]
[Date "2002.11.23"]
[Round "1.3"]
[White "Granat, Russell G"]
[Black "Adams, Mark A"]
[Result "1-0"]
[WhiteElo "2245"]
[BlackElo "2106"]
[PlyCount "89"]
[EventDate "2002.11.23"]

1. e4 c5 2. Nf3 d6 3. d4 cxd4 4. Nxd4 Nf6 5. Nc3 a6 6. Be2 e5 7. Nf3 Be7 8. O-O
O-O 9. h3 Nbd7 10. Be3 b6 11. Nd2 Bb7 12. a4 Qc7 13. Bf3 Rfe8 14. Qe2 Rac8 15.
Rfc1 Nc5 16. Nb3 Ncxe4 17. Nxe4 Nxe4 18. Bxe4 Bxe4 19. Qxa6 d5 20. c3 Rb8 21.
Nd2 Bg6 22. Rf1 f5 23. f4 Bc5 24. Bxc5 bxc5 25. fxe5 Rxb2 26. Nf3 f4 27. Rf2
Rxf2 28. Kxf2 Be4 29. Re1 Bxf3 30. Kxf3 Rxe5 31. Rxe5 Qxe5 32. Qc8+ Kf7 33.
Qxc5 Qe4+ 34. Kf2 Qc2+ 35. Kg1 Qd1+ 36. Kh2 f3 37. Qc7+ Ke6 38. Qc8+ Ke5 39.
Qe8+ Kd6 40. Qf8+ Ke6 41. Qxg7 fxg2 42. Qg4+ Qxg4 43. hxg4 Kd6 44. Kxg2 Kc5 45.
Kf3 1-0

[Event "4NCL/Div2/GUI2 vs. SWD2"]
[Site "West Bromwich ENG"]
[Date "2002.11.23"]
[Round "1.4"]
[White "May, Frank"]
[Black "Richardson, Keith B"]
[Result "0-1"]
[WhiteElo "2161"]
[BlackElo "2141"]
[PlyCount "110"]
[EventDate "2002.11.23"]

1. Nf3 g6 2. c4 Bg7 3. e4 d6 4. d4 Nf6 5. Nc3 O-O 6. Be2 e5 7. O-O Nc6 8. d5
Ne7 9. b4 a5 10. bxa5 Rxa5 11. Nd2 Nd7 12. Nb3 Ra8 13. Be3 f5 14. f3 b6 15. a4
Nc5 16. Nxc5 bxc5 17. Nb5 Kh8 18. Ra3 Ng8 19. Qc1 Nf6 20. Bd3 f4 21. Bf2 g5 22.
Rd1 g4 23. Kf1 Bh6 24. Ke1 Rg8 25. Bf1 Rg6 26. Qa1 Bg7 27. a5 Ba6 28. Kd2 g3
29. hxg3 fxg3 30. Be3 Nh5 31. Kc2 Nf4 32. Kb3 Rh6 33. Qc1 Rf6 34. Ra2 Rf7 35.
Qd2 h5 36. Qe1 h4 37. Rdd2 Kg8 38. Kc3 Qg5 39. Rdb2 Bh6 40. Kb3 Qh5 41. Bxf4
Bxf4 42. Qd1 Be3 43. Qe1 Bf2 44. Rxf2 gxf2 45. Qxf2 h3 46. Qg3+ Kf8 47. Qh2 Bc8
48. Be2 Qh6 49. gxh3 Qe3+ 50. Nc3 Rh7 51. h4 Rg7 52. h5 Rg1 53. Rc2 Rxa5 54.
Qh4 Rb1+ 55. Rb2 Ra3+ 0-1

[Event "4NCL/Div2/GUI2 vs. SWD2"]
[Site "West Bromwich ENG"]
[Date "2002.11.23"]
[Round "1.5"]
[White "Norman, Kenneth I"]
[Black "Gilbert, Jonathan A"]
[Result "1/2-1/2"]
[WhiteElo "2141"]
[BlackElo "2087"]
[PlyCount "115"]
[EventDate "2002.11.23"]

1. Nf3 d5 2. c4 c6 3. d4 Nf6 4. Nc3 a6 5. a4 e6 6. Bg5 Bb4 7. cxd5 cxd5 8. Rc1
Nc6 9. e3 Bd7 10. Bd3 Be7 11. O-O Rc8 12. Ne5 h6 13. Bh4 Nxe5 14. dxe5 Ng8 15.
Bxe7 Nxe7 16. Qb3 Bc6 17. Qb4 O-O 18. Ne2 Qd7 19. a5 f6 20. exf6 Rxf6 21. f4
Rcf8 22. Nd4 Qc7 23. Nf3 Rd8 24. Ne5 Qd6 25. Qd4 Bb5 26. Bxb5 axb5 27. g4 b4
28. Rc5 b3 29. Rb5 Nc6 30. Nxc6 bxc6 31. Rb6 Qd7 32. Qe5 c5 33. Rxb3 Qa4 34.
Ra3 Qc2 35. Rc3 Qe2 36. h3 d4 37. exd4 Qxb2 38. Rxc5 Rxd4 39. Rc4 Rd2 40. Qxb2
Rxb2 41. Ra4 Rf7 42. a6 Ra7 43. Rf2 Rb6 44. Rfa2 Rb3 45. Kg2 Kf7 46. R2a3 Rb6
47. Kf3 g5 48. Kg3 Kg6 49. h4 gxf4+ 50. Kxf4 Kf6 51. Ke4 Rc6 52. Ra5 Rc4+ 53.
Kf3 Rc6 54. R3a4 Rc3+ 55. Ke4 Rc6 56. Kd4 Rd7+ 57. Ke4 Ra7 58. Kf4 1/2-1/2

[Event "4NCL/Div2/GUI2 vs. SWD2"]
[Site "West Bromwich ENG"]
[Date "2002.11.23"]
[Round "1.6"]
[White "Brown, Alan M"]
[Black "Anderton, Matthew N"]
[Result "0-1"]
[WhiteElo "2133"]
[BlackElo "2208"]
[PlyCount "104"]
[EventDate "2002.11.23"]

1. d4 Nf6 2. c4 e6 3. Nc3 Bb4 4. e3 O-O 5. Bd3 c5 6. Nge2 d5 7. a3 cxd4 8. exd4
dxc4 9. Bxc4 Bd6 10. Nb5 Be7 11. Bf4 a6 12. Nbc3 b5 13. Bd3 Bb7 14. O-O Nc6 15.
Rc1 Bd6 16. Bxd6 Qxd6 17. Qd2 Rad8 18. Rfd1 Rd7 19. Qg5 h6 20. Qc5 Rfd8 21.
Qxd6 Rxd6 22. Bb1 Nxd4 23. Ng3 Nb3 24. Rxd6 Rxd6 25. Re1 Kf8 26. Nf1 Ke7 27.
Ba2 Nc5 28. Ng3 g6 29. Bb1 Nd3 30. Bxd3 Rxd3 31. Rd1 Rxd1+ 32. Nxd1 Kd6 33. Ne3
Ne4 34. Nxe4+ Bxe4 35. Kf1 f5 36. g3 Bf3 37. Ke1 Kc5 38. Kd2 Kd4 39. Nc2+ Kc4
40. b3+ Kc5 41. Kc3 e5 42. Ne3 a5 43. b4+ axb4+ 44. axb4+ Kd6 45. Nf1 g5 46.
Kd3 Bd5 47. Nd2 h5 48. Ke3 f4+ 49. gxf4 gxf4+ 50. Kd3 Ke6 51. h4 Kf5 52. f3
Bxf3 0-1

[Event "4NCL/Div2/GUI2 vs. SWD2"]
[Site "West Bromwich ENG"]
[Date "2002.11.23"]
[Round "1.7"]
[White "Coates, Kenneth G"]
[Black "Miles, Richard"]
[Result "1/2-1/2"]
[WhiteElo "2169"]
[BlackElo "2078"]
[PlyCount "146"]
[EventDate "2002.11.23"]

1. e4 c5 2. c3 Nf6 3. e5 Nd5 4. d4 cxd4 5. Nf3 e6 6. cxd4 Bb4+ 7. Bd2 Bxd2+ 8.
Qxd2 d6 9. Nc3 Nxc3 10. bxc3 O-O 11. exd6 Qxd6 12. Bd3 Nd7 13. O-O Nf6 14. Ne5
b6 15. Rfe1 Bb7 16. Qg5 Qd5 17. Bc4 Qd6 18. Re3 h6 19. Qh4 Rac8 20. Rae1 Kh8
21. Qf4 Qd8 22. Rh3 Rc7 23. Ree3 Ng8 24. Bxe6 Qf6 25. Bxf7 Rcxf7 26. Nxf7+ Rxf7
27. Qxf6 Nxf6 28. c4 Rc7 29. Rc3 Ne4 30. Rc2 Bd5 31. Re3 Nf6 32. c5 bxc5 33.
dxc5 Kh7 34. f3 Kg6 35. Kf2 Kf7 36. h4 Nd7 37. Rd3 Nf6 38. g4 g5 39. hxg5 hxg5
40. Kg3 Bc6 41. Rd6 Ba4 42. Rc1 Bb5 43. Kf2 Bc6 44. Rh1 Kg7 45. Re1 Bd7 46. Re5
Bxg4 47. Rxg5+ Kf7 48. Rxg4 Nxg4+ 49. fxg4 Rxc5 50. Rd7+ Kg6 51. Rxa7 Kg5 52.
Ra4 Rc3 53. Ke2 Rh3 54. Kd2 Rg3 55. Kc2 Rg2+ 56. Kb3 Rg3+ 57. Kb4 Rxg4+ 58. Kb5
Rg1 59. Re4 Kf5 60. Re2 Rb1+ 61. Ka5 Rb8 62. a4 Kf6 63. Ka6 Kf7 64. a5 Rb1 65.
Ka7 Rb5 66. a6 Rb1 67. Ka8 Rb3 68. a7 Rb1 69. Rh2 Ke7 70. Rh7+ Kd6 71. Rb7 Rh1
72. Rb2 Kc7 73. Rc2+ Kb6 1/2-1/2

[Event "4NCL/Div2/GUI2 vs. SWD2"]
[Site "West Bromwich ENG"]
[Date "2002.11.23"]
[Round "1.8"]
[White "Wilson, Julie"]
[Black "Feld, Katherine L"]
[Result "0-1"]
[WhiteElo "1696"]
[BlackElo "1584"]
[PlyCount "64"]
[EventDate "2002.11.23"]

1. d4 d5 2. c4 c6 3. Nf3 Nf6 4. Nc3 Bf5 5. Bf4 Qb6 6. Qd2 dxc4 7. e3 e6 8. Bxc4
Bb4 9. O-O Ne4 10. Qe1 Qa5 11. Rc1 Nxc3 12. bxc3 Ba3 13. Rd1 Bb2 14. e4 Bxc3
15. Qe3 Bg4 16. Rc1 Bxf3 17. Rxc3 Bxe4 18. Rfc1 Bd5 19. Ra3 Qd8 20. Bg5 f6 21.
Bxd5 Qxd5 22. Rc5 Qd7 23. Bh4 O-O 24. Qe4 e5 25. Rd3 Na6 26. Rc4 Rad8 27. Rh3
Qf7 28. Qd3 h6 29. Bg3 c5 30. Rc1 Rxd4 31. Qf3 Rfd8 32. Rh5 Qd5 0-1

[Event "4NCL/Div2/ATH1 vs. KHE"]
[Site "West Bromwich ENG"]
[Date "2002.11.23"]
[Round "1.1"]
[White "Wade, Robert G"]
[Black "McMichael, Richard"]
[Result "0-1"]
[WhiteElo "2213"]
[BlackElo "2294"]
[PlyCount "76"]
[EventDate "2002.11.23"]

1. d4 e6 2. e4 d5 3. exd5 exd5 4. Nf3 Bd6 5. c4 Nf6 6. Nc3 O-O 7. cxd5 h6 8. h3
Nbd7 9. g4 Re8+ 10. Be2 Nb6 11. g5 hxg5 12. Bxg5 Bf5 13. Kf1 Be7 14. Bb5 Rf8
15. Bd3 Qc8 16. Bxf6 Bxf6 17. Kg2 Rd8 18. Qe2 Nxd5 19. Nxd5 Rxd5 20. Bc4 Rd6
21. Ne5 Bxe5 22. dxe5 Rg6+ 23. Kf1 Bxh3+ 24. Ke1 Bg4 25. f3 Be6 26. Bd3 Bf5 27.
Bc4 Qd8 28. Rd1 Qg5 29. Rd4 Qc1+ 30. Qd1 Qe3+ 31. Be2 Rg1+ 32. Rxg1 Qxg1+ 33.
Bf1 Qg3+ 34. Kd2 Qxe5 35. Kc1 Re8 36. b4 c5 37. bxc5 Qxc5+ 38. Kb2 Qb6+ 0-1

[Event "4NCL/Div2/ATH1 vs. KHE"]
[Site "West Bromwich ENG"]
[Date "2002.11.23"]
[Round "1.2"]
[White "Berry, Stephen H"]
[Black "Quinn, John M"]
[Result "1/2-1/2"]
[WhiteElo "2335"]
[BlackElo "2196"]
[PlyCount "71"]
[EventDate "2002.11.23"]

1. e4 c5 2. Nf3 Nc6 3. Bb5 Qc7 4. O-O e6 5. Re1 Nge7 6. c3 a6 7. Bf1 d5 8. exd5
Nxd5 9. d4 cxd4 10. Nxd4 Be7 11. Nxc6 Qxc6 12. Nd2 O-O 13. Nf3 b6 14. Ne5 Qc7
15. c4 Nf6 16. Qf3 Bb7 17. Qh3 Be4 18. f4 Bc5+ 19. Be3 Rad8 20. a3 a5 21. Rad1
Bc2 22. Rxd8 Rxd8 23. Bxc5 Qxc5+ 24. Qe3 Qxe3+ 25. Rxe3 Rd1 26. b4 Ne4 27. Nf3
f5 28. Re1 Rxe1 29. Nxe1 Bb3 30. Nf3 Kf8 31. Nd4 Nd2 32. Nxb3 Nxb3 33. Kf2 axb4
34. axb4 Nd4 35. c5 bxc5 36. bxc5 1/2-1/2

[Event "4NCL/Div2/ATH1 vs. KHE"]
[Site "West Bromwich ENG"]
[Date "2002.11.23"]
[Round "1.3"]
[White "Spivack, Simon"]
[Black "Jossien, Arnaud"]
[Result "1-0"]
[WhiteElo "2162"]
[BlackElo "2355"]
[PlyCount "81"]
[EventDate "2002.11.23"]

1. e4 d6 2. d4 Nf6 3. Bd3 e5 4. d5 Be7 5. c4 O-O 6. Nc3 Na6 7. Nf3 Nc5 8. Bc2
a5 9. Be3 Nfd7 10. Qe2 g6 11. g4 Bf6 12. O-O-O a4 13. h4 a3 14. b3 Nb8 15. g5
Bg7 16. Rdg1 Nba6 17. h5 Nb4 18. Nh2 c6 19. Ng4 Qa5 20. Bd2 Bxg4 21. Rxg4 f5
22. gxf6 Rxf6 23. hxg6 hxg6 24. Kb1 Raf8 25. Rhg1 Rxf2 26. Rxg6 Rxe2 27. Nxe2
Rf7 28. Ng3 Rf6 29. Rg5 Kf7 30. Nh5 Bh8 31. Nxf6 Bxf6 32. Rh5 Nd7 33. Rh7+ Ke8
34. Rg8+ Nf8 35. Rxb7 Qc5 36. Bxb4 Qd4 37. Bxa3 Be7 38. dxc6 Kf7 39. Rxf8+ Kxf8
40. c7 Qg1+ 41. Bc1 1-0